000 02348nam a22002297a 4500
999 _c8572
_d8572
003 GBCCL
005 20241126110653.0
008 210412b ||||| |||| 00| 0 eng d
020 _a9780801030871
020 _a0801030870
040 _cGBC
082 _a220.601
_bMAN
245 _aA manifesto for theological interpretation /
_cedited by Craig G. Bartholomew and Heath A. Thomas.
260 _aGrand Rapids, Michigan :
_bBaker Academic, a division of Baker Publishing Group,
_c[2016]
300 _axi, 292 pages ;
_c23 cm
505 _aRecent decades have witnessed a renaissance of theological interpretation. Craig Bartholomew, coauthor of the bestselling The Drama of Scripture, and Heath Thomas bring together a team of specialists to articulate a multifaceted vision for returning rigorous biblical interpretation to the context of the church. Developed by the internationally recognized Scripture and Hermeneutics Seminar, this book is designed to bring clarity and unity to the enterprise of theological interpretation. It positively integrates multiple approaches to interpreting the Bible, combining academic rigor with pastoral sensitivity for professors, students, and church leaders.
505 _aHistory and reemergence of theological interpretation / Angus Paddison -- Doctrine of scripture and theological interpretation / Michael W. Goheen and Michael D. Williams -- Ecclesia as primary context for the reception of the Bible / Robby Holt and Aubrey Spears -- Theological interpretation and historical criticism / Murray Rae -- Role of hermeneutics and philosophy in theological interpretation / William P. Olhausen -- Canon and theological interpretation / Stephen G. Dempster -- Biblical theology and theological interpretation / David J.H. Beldman and Jonathan Swales -- Mission and theological interpretation / Michael W. Goheen and Christopher J.H. Wright -- Telos (Goal) of theological interpretation / Heath A. Thomas -- Framework for theological interpretation / Denis Farkasfalvy -- Theological commentary / Mark Gignilliat and Jonathan T. Pennington -- Theological interpretation for all of life / Craig G. Batholomew and Matthew Y. Emerson.
650 _aBible
_vCriticism, interpretation, etc.
_910044
650 _aBible
_vCriticism, Interpretation, etc.
_910044
650 _aBible.
_95
942 _2ddc
_cBK